Vista normal Vista MARC

Entrada Meeting Name

Número de registros utilizados en: 1

001 - CONTROL NUMBER

  • control field: 10342

003 - CONTROL NUMBER IDENTIFIER

  • control field: OSt

005 - DATE AND TIME OF LATEST TRANSACTION

  • control field: 20200917121421.0

008 - FIXED-LENGTH DATA ELEMENTS

  • fixed length control field: 200917|| aca||aabn | a|a d

040 ## - CATALOGING SOURCE

  • Original cataloging agency: OSt
  • Transcribing agency: OSt

111 ## - HEADING--MEETING NAME

  • Meeting name or jurisdiction name as entry element: Academia Colombiana de Historia

670 ## - SOURCE DATA FOUND

  • Source citation: Work cat.: (OSt)3875: Academia Colombiana de Historia, Entrañables lejanías atuendos, atavíos y máscaras de etnias de China /, 2016.